000 00429nam a2200181Ia 4500
001 2202
005 20260306143824.0
008 260306t2022||||xx |||||||||||||| ||spa||
041 _aESP
082 _a616.07
_bK59
100 _aKlatt, Edward C.,
_eAUT
245 0 _aRepaso de anatomía patológica
260 _c2022
300 _axiv, 472 páginas :
_c28 cm.
650 _aGEN
654 _aCCS
942 _cLIB
_dJUS
_fJUS
_2ddc
_n
999 _c2202
_d2202